Bytový objekt, Košice-Terasa

Uložené v:
Podrobná bibliografia
Hlavný autor: Pavličková, Ivana, 1985- (Autor)
Ďalší autori: Šarafín, Michal, 1943- (Vedúci práce)
Médium: Rukopis Kniha
Jazyk:Slovak
Vydavateľské údaje: Bratislava : STU v Bratislave FA, 2010
Predmet:
On-line prístup:VAIS
Tagy: Pridať tag
Žiadne tagy, Buďte prvý, kto otaguje tento záznam!

MARC

LEADER 00000ntm a22000003a 4500
001 stu218011
005 20220303075200.0
008 101201s2010----xo------------------slo-d
040 |a STU  |b slo 
041 0 |a slo 
044 |a xo 
100 1 |a Pavličková, Ivana,  |d 1985-  |4 aut  |u A  |T FAD Fakulta architektúry  |X 15938  |U A  |Y 50  |7 A000015938 
242 0 0 |a Apartment house, Kosice - Terasa  |y eng 
245 1 |a Bytový objekt, Košice-Terasa 
260 |a Bratislava :  |b STU v Bratislave FA,  |c 2010 
650 7 |a architektúra  |2 stusub 
650 7 |a architecture  |2 estusub 
650 7 |a Košice  |2 stusub 
650 7 |a bytový dom  |2 stusub 
650 7 |a zóna  |2 stusub 
650 7 |a terasa  |2 stusub 
700 1 |a Šarafín, Michal,  |d 1943-  |4 ths  |u A1110  |U FAD Fakulta architektúry  |T FA Ústav architektúry obytných budov  |X 456  |U A1110  |Y 392  |7 A000000456 
856 4 |a info a plný text  |u http://is.stuba.sk/zp/portal_zp.pl?podrobnosti=62623  |3 VAIS  |u https://opac.crzp.sk/?fn=detailBiblioForm&sid=B3E4DED1CE64EF1DB19A38D78C74